KOHA-Header-6

Lexicon Universal Encyclopedia (Record no. 9303)

000 -LEADER
fixed length control field 00242nam a2200109Ia 4500
020 ## - INTERNATIONAL STANDARD BOOK NUMBER
ISBN 0717220257
100 ## - MAIN ENTRY--AUTHOR NAME
Personal name Lexicon Publications
245 #0 - TITLE STATEMENT
Title Lexicon Universal Encyclopedia
260 ## - PUBLICATION, DISTRIBUTION, ETC. (IMPRINT)
Place of publication USA
Name of publisher Lexicon
Year of publication 2002
300 ## - PHYSICAL DESCRIPTION
Number of Pages 1256
942 ## - ADDED ENTRY ELEMENTS (KOHA)
Koha item type Books
Holdings
Withdrawn status Lost status Permanent Location Current Location Shelving location Date acquired Full call number Accession Number Koha item type
    MAJU MAJU Shelf No.B28 2019-09-14 005.4 4877 Reference

Powered by Koha